| 000 | 01703nam0a2200361 4500 | ||
|---|---|---|---|
| 001 | RU\NLR\bibl\54580 | ||
| 005 | 20250616085241.0 | ||
| 010 |
_a5-93003-007-3 _9100 |
||
| 021 |
_aRU _b99-30337 _91479 |
||
| 035 | _a(NLR Aleph) 000053252 | ||
| 090 |
_a286448 _c286448 |
||
| 100 | _a19991022d1999 |||y0rusy50 ca | ||
| 101 | 0 | _arus | |
| 102 | _aRU | ||
| 105 | _aa ||||||||| | ||
| 200 | 1 |
_aЭкология и безопасность жизнедеятельности Башкирского Зауралья _fР.Ш. Кашапов, Н.Г. Курамшина, М.Ш. Магадеев, Г.Р. Фахретдинова _gМ-во общ. и проф. образования, Башк. гос. пед. ин-т, М-во по делам гражд. обороны и чрезв. ситуациям РБ |
|
| 210 |
_aУфа _cЭкология _d1999 |
||
| 215 |
_a82, [13] с. _cил., карт. _d20 |
||
| 320 | _aБиблиогр.: с. 80-81 | ||
| 606 | 0 |
_aБезопасность жизнедеятельности _yБашкортостан, Республика _92120267 _3RU\NLR\auth\661280402 |
|
| 606 | 0 |
_aЭкология _yБашкортостан, Республика _92120271 _3RU\NLR\auth\661280404 |
|
| 686 | _aР120.1 | ||
| 686 | _aЕ081(2Р36-6Б) | ||
| 701 | 1 |
_aКашапов _bР. Ш. _gРевольт Шаймухаметович _4070 |
|
| 701 | 1 |
_aКурамшина _bН. Г. _gНаталья Георгиевна _4070 |
|
| 701 | 1 |
_aМагадеев _bМ. Ш. _gМарат Шарифович _4070 |
|
| 801 | 0 |
_aRU _bNLR _c19991022 _gPSBO |
|
| 801 | 1 |
_aRU _bNLR _c19991022 |
|
| 830 | _aАвт. по кн. | ||
| 852 |
_aNLR _j99-4/7088 |
||
| 942 | _cBOOK | ||
| 980 | _aNB | ||